000 01335nam a2200409Ia 4500
003 GCL
005 20240530104756.0
008 140319s9999 xx 000 0 ara d
040 _aGCL /
_cGCL
082 0 4 _a920.71
_bم ح
100 1 _aمحمد عيسى الشرقاوى
245 1 0 _aالحرية واخواتها /
_cمحمد عيسى الشرقاوى
300 _a143 ص
490 _aالهيئة العامة للاستعلامات
_v0
650 0 4 _aرفاعة الطهطاوى
650 0 4 _aانطون تشيخوف
650 0 4 _aعبدالله النديم
650 0 4 _aعبدالرحمن الجبرتى
650 0 4 _aالرجال - تراجم
650 0 4 _aعزالدين القسام
650 0 4 _aشاوشيسكو
650 0 4 _aتولستوى, ليو
650 0 4 _aحاتم السيسى
650 0 4 _aعبد الرحيم الحاج محمد
650 0 4 _aديفيدين جوريون
650 0 4 _aكارل ماركس
650 0 4 _aالكسندر سولجنستين
650 0 4 _aفرانز كافكا
650 0 4 _aانا بلانديانا
650 0 4 _aجورج اورويل
650 0 4 _aعبد القادر الجزائرى
650 0 4 _aجوزيف ستالين
650 0 4 _aهافيل
650 0 4 _aجورجى ماركوف
650 0 4 _aمايكوفسكى
942 _2ddc
_cBK
999 _c50579
_d50579